| 000 | 01338cam a2200373 a 4500 | ||
|---|---|---|---|
| 001 | 16725592 | ||
| 005 | 20250629131724.0 | ||
| 008 | 110407s2010 enk b 001 0 eng d | ||
| 010 | _a 2011288715 | ||
| 020 | _a9781843118848 (hbk.) | ||
| 020 | _a184311884X (hbk.) | ||
| 035 | _a(OCoLC)ocn690784012 | ||
| 040 |
_aSISPL _cSISPL _dSISPL _dJCR _dGUL _dDLC |
||
| 042 | _alccopycat | ||
| 050 | 0 | 0 |
_aK5277 _b.T63 2010 |
| 082 | 0 | 0 |
_a345.0264 _bTOD |
| 100 | 1 |
_aTodd, Paul, _d1954- |
|
| 245 | 1 | 0 |
_aMaritime fraud and piracy / _cby Paul Todd. |
| 250 | _a2nd ed. | ||
| 260 |
_aLondon : _bLloyd's List, _c2010. |
||
| 300 |
_axxxiv, 329 p. ; _c25 cm. |
||
| 504 | _aIncludes bibliographical references and index. | ||
| 650 | 0 |
_aMaritime terrorism _xLaw and legislation. _9129307 |
|
| 650 | 0 |
_aPiracy _xLaw and legislation. _9129308 |
|
| 650 | 0 |
_aFraud _xLaw and legislation. _9129309 |
|
| 650 | 0 |
_aHijacking of ships _xLaw and legislation. _9129310 |
|
| 650 | 0 |
_aFreight and freightage. _938468 |
|
| 650 | 0 |
_aMarine insurance _xLaw and legislation. _9129311 |
|
| 650 | 0 |
_aContracts, Maritime. _9129312 |
|
| 856 | 4 | 1 |
_3Table of contents only _uhttp://www.loc.gov/catdir/toc/fy11pdf02/2011288715.html |
| 906 |
_a7 _bcbc _ccopycat _d2 _encip _f20 _gy-gencatlg |
||
| 942 |
_2ddc _cBK |
||
| 999 |
_c614015 _d614015 |
||